|
|
|
|
| LEADER |
00000naa2a2200000 4500 |
| 001 |
385843 |
| 005 |
20231101063416.0 |
| 035 |
|
|
|a (RuTPU)RU\TPU\prd\14032
|
| 090 |
|
|
|a 385843
|
| 100 |
|
|
|a 20030521a2003 k y0rusy50 ca
|
| 101 |
0 |
|
|a rus
|
| 102 |
|
|
|a RU
|
| 200 |
1 |
|
|a Дело не в серых китах
|f [Беседа с] Ю. Синев; [Беседовал] Е. Третьякова
|
| 225 |
1 |
|
|a Транспорт
|
| 461 |
|
1 |
|0 (RuTPU)RU\TPU\prd\1610
|t Нефть России
|o аналитический журнал
|d 1996, 1999-2012
|
| 463 |
|
1 |
|0 (RuTPU)RU\TPU\prd\13378
|t № 4
|v С. 36-38
|d 2003
|
| 610 |
1 |
|
|a сахалинская нефть
|
| 610 |
1 |
|
|a транспортировка
|
| 610 |
1 |
|
|a тендеры
|
| 610 |
1 |
|
|a конкуренция
|
| 610 |
1 |
|
|a танкерные компании
|
| 610 |
1 |
|
|a западные компании
|
| 702 |
|
1 |
|a Синев
|b Ю.
|g Юрий
|4 460
|
| 702 |
|
1 |
|a Третьякова
|b Е.
|g Елена
|4 470
|
| 801 |
|
1 |
|a RU
|b 63413507
|c 20030521
|g PSBO
|
| 801 |
|
2 |
|a RU
|b 63413507
|c 20130802
|g RCR
|
| 942 |
|
|
|c BK
|